Discografia de Quevedo - Estadísticas

Estadísticas generales
  • Esta prueba ha sido intentada 1.689 veces
    79 desde el último reinicio
  • La puntuación promedio es 75 de 121
Estadísticas de respuestas
Donde Quiero Estar % Correcto
Buenas
98%
DONDE QUIERO ESTAR
98%
GRAN VÍA
98%
PLAYA DEL INGLÉS
98%
BUENAS NOCHES
95%
AL GOLPITO
93%
EL BAIFO
93%
LA GRACIOSA
93%
MR. MOONDIAL
91%
HALO
88%
HIJO DE VOLCÁN
88%
KASSANDRA
88%
MUÑECA
88%
SIN SEÑAL
88%
14 FEBREROS
86%
ALGO VA A PASAR
86%
CAPRICHOSO
86%
DAME
86%
GÁLDAR
86%
INTRO - SPEECH CRUZZI
86%
LA 125
86%
LUCES AZULES
86%
AMANECIÓ
84%
LISBOA
84%
VISTA AL MAR
84%
YANKEE
84%
AHORA QUE
81%
NI BORRACHO
81%
PUNTO G
81%
SCANDIC
81%
TE FALLÉ
81%
WANDA
81%
CUÉNTALE
79%
ERAMOS DOS
79%
LOS DIAS CONTADOS
79%
SHIBATTO
79%
SOLEAO
79%
Cayó La Noche
77%
CHAPIADORA.COM
77%
ESTÁ EN CASA
77%
POLARIS Remix
77%
YO y TÚ
77%
2010YPICO
74%
DURO
74%
El Tonto
74%
ME FALTA ALGO
74%
MI BALCÓN
74%
POR ATRÁS
74%
QUE ASCO DE TODO
74%
OA
72%
Pero Tú
72%
Cayó La Noche Remix
70%
EL ESTRIBILLO
70%
GUAYA
70%
Mi Nena Remix
70%
NOEMÚ
70%
Still Luvin
70%
FLAKITO
67%
HOOKAH Y CALOR
67%
IGUALES
67%
Mami Chula
67%
Piel De Cordero
67%
Romeo y Julieta
67%
TUCHAT
67%
Ahora Y Siempre
65%
CHUOS
65%
Columbia
65%
LACONE
63%
Sangre y Fe
63%
APA
60%
LA ÚLTIMA
60%
NO PIENSO LLAMAR
60%
QUIZAS SI QUIZAS NO
60%
Si Quieren Frontear
60%
Ruina
58%
Yatekomo
58%
Chamaquita
56%
Jordan 1
56%
Nena Sad Remix
56%
Quevedo: Bzrp Music Sessions, Vol. 52
56%
Real G
56%
Turbulencias
56%
Respuesta Cero
53%
ABC
51%
don't liE
51%
MY LOVE
51%
DESDE 0
49%
LUGARES QUE LLEGO
49%
NANA
49%
CA' MANOLO
47%
Gris
47%
Noria
47%
FERNET
44%
Los Roques
44%
Rimmel
44%
2step
42%
En Reformas
40%
ESTÁS CON ÉL
40%
En Alta
37%
No Me Digas Nada
37%
Planteamiento Erróneo
37%
Universitaria
37%
QUEVEDO #49 AFTER HOUR THE MIXTAPE
33%
Te Echo De Más
33%
WAOH
33%
GANGSTER (PFLNEDG)
30%
Luna
28%
Némesis
28%
Nonstop
28%
SE MANDÓ A MUDAR
26%
Cógelo Suave
23%
Llegamos
23%
No Me Olvido
23%
Sabes Remix
21%
Un Día Más
16%
5 a.m
14%
Desastre
14%
LA NENA
14%
LB Music Session #5
14%
ME FUI EN UN VIAJE
14%
YA NO SÉ
12%
No se encontraron pruebas coincidentes
Distribución de puntuación
Porcentaje de gente con cada puntuación
Porcentaje por número respondido
Historial de tus puntuaciones
No has intentado esta prueba desde el último reinicio